| 000 | 00000nam##2200000za#4500 |
| 001 | 9.697331 |
| 003 | CaOODSP |
| 005 | 20210624235431 |
| 007 | cr ||||||||||| |
| 008 | 150407|1969||||xxc|||||o f|0| 0 eng|d |
| 040 | |aCaOODSP|beng |
| 043 | |an-cn--- |
| 086 | 1 |aA63-1398/1969E-PDF |
| 110 | 1 |aCanada.|bAgriculture Canada.|bResearch Branch. |
| 245 | 10|aDamp grain / |h[electronic resource]|cM. Feldman. |
| 260 | |aOttawa - Ontario : |bAgriculture Canada. |c1969. |
| 300 | |a16p.|bfigs., tables, photographs |
| 500 | |aHistorical publication digitized by Agriculture and Agri-Food Canada. |
| 590 | |a13-17-Supp|b2013-07-25 |
| 690 | 07|aFarming|2gcpds |
| 690 | 07|aGrains|2gcpds |
| 856 | 40|ahttp://publications.gc.ca|qPDF|s933 KB|uhttps://publications.gc.ca/collections/collection_2013/aac-aafc/agrhist/A63-1398-1969-eng.pdf |
| 986 | |a1398 |